<?xml version="1.0" encoding="UTF-8"?>
<record
    xmlns:xsi="http://www.w3.org/2001/XMLSchema-instance"
    xsi:schemaLocation="http://www.loc.gov/MARC21/slim http://www.loc.gov/standards/marcxml/schema/MARC21slim.xsd"
    xmlns="http://www.loc.gov/MARC21/slim">

  <leader>02319nam a2200301 i 4500</leader>
  <controlfield tag="003">CSPC</controlfield>
  <controlfield tag="005">20251222130749.0</controlfield>
  <controlfield tag="008">251222s2024    nyu           001 0 eng d</controlfield>
  <datafield tag="020" ind1=" " ind2=" ">
    <subfield code="a">9781639878352</subfield>
  </datafield>
  <datafield tag="040" ind1=" " ind2=" ">
    <subfield code="a">CSPC</subfield>
    <subfield code="b">eng</subfield>
    <subfield code="c">CSPC</subfield>
    <subfield code="e">rda</subfield>
  </datafield>
  <datafield tag="050" ind1="0" ind2="4">
    <subfield code="a">P128.F67</subfield>
    <subfield code="b">.P377 2024</subfield>
  </datafield>
  <datafield tag="082" ind1="0" ind2="4">
    <subfield code="a">401</subfield>
    <subfield code="b">P249f</subfield>
    <subfield code="2">23</subfield>
  </datafield>
  <datafield tag="100" ind1="1" ind2=" ">
    <subfield code="a">Parrish, Shelby, </subfield>
    <subfield code="e">author.</subfield>
  </datafield>
  <datafield tag="245" ind1="1" ind2="0">
    <subfield code="a">Formal grammar : </subfield>
    <subfield code="b">theory and variation across language / </subfield>
    <subfield code="c">Shelby Parrish. </subfield>
  </datafield>
  <datafield tag="264" ind1=" " ind2="1">
    <subfield code="a">New York, NY : </subfield>
    <subfield code="b">Murphy &amp; Moore, </subfield>
    <subfield code="c">2024.</subfield>
  </datafield>
  <datafield tag="300" ind1=" " ind2=" ">
    <subfield code="a">230 pages ;</subfield>
    <subfield code="c">23 cm. </subfield>
  </datafield>
  <datafield tag="336" ind1=" " ind2=" ">
    <subfield code="2">rdacontent</subfield>
    <subfield code="a">text</subfield>
  </datafield>
  <datafield tag="337" ind1=" " ind2=" ">
    <subfield code="2">rdamedia</subfield>
    <subfield code="a">unmediated</subfield>
  </datafield>
  <datafield tag="338" ind1=" " ind2=" ">
    <subfield code="2">rdacarrier</subfield>
    <subfield code="a">volume</subfield>
  </datafield>
  <datafield tag="504" ind1=" " ind2=" ">
    <subfield code="a">Includes bibliographical references and index.</subfield>
  </datafield>
  <datafield tag="505" ind1="0" ind2=" ">
    <subfield code="a">Overview -- Exploring analogy -- Interactions of analogy and grammar -- Methodological insights -- Gender system analysis -- Hybrid class investigations -- Analogy and morphology: an integrated approach -- Analysis of cross-hierarchy and cross-classification -- Summary and concluding remarks. </subfield>
  </datafield>
  <datafield tag="520" ind1=" " ind2=" ">
    <subfield code="a">"The description of language in terms of its structure and form, focusing on syntax rather than function and meaning is referred to as grammar. Formal grammar specifically deals with how strings are formed from a language's alphabet according to its syntax rules. It comprises a set of rules used to determine the validity of strings of tokens in a language. Additionally, formal grammar is utilized to generate all possible syntactically correct strings over the language's alphabet. It is studied within the domain of applied mathematics, particularly under formal language theory. Applications of formal grammar span mathematical logic, theoretical computer science, theoretical linguistics, formal semantics, and various other fields. This book is a compilation of chapters that discuss the most vital concepts in the field of formal grammar. The topics covered here in deal with the core aspects of this area. It will also serve as a reference guide for students and academicians." -- Back cover</subfield>
  </datafield>
  <datafield tag="650" ind1=" " ind2="0">
    <subfield code="a">Formalization (linguistics). </subfield>
  </datafield>
  <datafield tag="650" ind1=" " ind2="0">
    <subfield code="a">Grammar, comparative and general. </subfield>
  </datafield>
  <datafield tag="650" ind1=" " ind2="0">
    <subfield code="a">Formal languages.</subfield>
  </datafield>
  <datafield tag="942" ind1=" " ind2=" ">
    <subfield code="2">ddc</subfield>
    <subfield code="n">0</subfield>
    <subfield code="c">BK</subfield>
    <subfield code="h">401</subfield>
    <subfield code="i">P249f</subfield>
    <subfield code="k">CIR</subfield>
    <subfield code="m">2024</subfield>
    <subfield code="e">23</subfield>
  </datafield>
  <datafield tag="952" ind1=" " ind2=" ">
    <subfield code="0">0</subfield>
    <subfield code="1">0</subfield>
    <subfield code="2">ddc</subfield>
    <subfield code="4">0</subfield>
    <subfield code="7">0</subfield>
    <subfield code="a">CSPC</subfield>
    <subfield code="b">CSPC</subfield>
    <subfield code="c">CIR</subfield>
    <subfield code="d">2025-12-22</subfield>
    <subfield code="l">0</subfield>
    <subfield code="o">CIR 401 P249f 2024</subfield>
    <subfield code="p">030915</subfield>
    <subfield code="r">2025-12-22 12:56:32</subfield>
    <subfield code="t">1-1</subfield>
    <subfield code="w">2025-12-22</subfield>
    <subfield code="y">BK</subfield>
  </datafield>
  <datafield tag="999" ind1=" " ind2=" ">
    <subfield code="c">31282</subfield>
    <subfield code="d">31282</subfield>
  </datafield>
</record>
